Álgebra elemental con numerosas aplicaciones prácticas (Registro nro. 302638)
[ vista simple ]
| 000 -ENCABEZADO | |
|---|---|
| Número de control [NR] | 01545nam a22002417a 4500 |
| 005 - FECHA Y HORA DE LA ÚLTIMA TRANSACCIÓN | |
| control field | 20160204130441.0 |
| 008 - DE LONGITUD FIJA DE DATOS DE ELEMENTOS - INFORMACIÓN GENERAL | |
| Elementos de longitud fija [NR] | 160204s1931 xxu||||fr|||| 001 0 spa d |
| 040 ## - FUENTE DE CATALOGACION [NR] | |
| Quien Cataloga | Sandra Yazo |
| Quien Clasifica | Sandra Yazo |
| 041 0# - CODIGO DE IDIOMA [R] | |
| Código de idioma para texto/pista de sonido o título separado [R] | Español |
| 082 04 - NUMERO DE CLASIFICACION DECIMAL DEWEY [R] | |
| Número de la edición [NR] | 20 |
| Número de clasificación [R] | 513 |
| 092 ## - SIGNATURA TOPOGRAFICA LOCAL | |
| Número de clasificación local | E38N029 |
| 100 1# - ASIENTO PRINCIPAL--NOMBRE PERSONAL [NR] | |
| Nombre personal [NR] | Llano, Antonio |
| ID Autoridad | 75260 |
| 245 10 - MENCION DE TITULO [NR] | |
| Título [NR] | Álgebra elemental con numerosas aplicaciones prácticas |
| Parte restante del título [NR] | Libro de texto para la enseñanza secundaria y las escuelas de arte y oficios |
| Mención de responsabilidad, etc. [NR] | por Antonio Llano |
| 260 ## - PUBLICACION, DISTRIBUCION, ETC. (PIE DE IMPRENTA) [R] | |
| Lugar de publicación, distribución, etc. [R] | Boston (Estados Unidos) |
| Nombre del editor, distribuidor, etc. [R] | D. C. Heath y compañía |
| Fecha de publicación, distribución, etc. [R] | 1931 |
| 300 ## - DESCRIPCION FISICA [R] | |
| Extensión [R] | xxiii, 445 páginas |
| Dimensiones [R] | 19 x 13 cm. |
| 500 ## - NOTA GENERAL [R] | |
| Nota general [NR] | Detalles físicos: Encuadernación rígida en cartón forrado en tela. Tapa delantera y lomo con adornos en tinta negra. Guardas. Hoja de cortesía. Portada impresa en una sola tinta. Texto impreso en una columna. Gráficos y formulas entre el texto. Ejemplar en buen estado de conservación |
| 505 1# - NOTA DE CONTENIDO CON FORMATO PREESTABLECIDO [R] | |
| Nota de contenido con formato preestablecido [NR] | Abreviaturas ; Introducción ; Rudimentos de geometría ; De los signos y el uso de las letras ; De las formulas ; Introducción a la resolución de ecuaciones y problemas ; Números negativos ; Suma y resta algebraicas ; Ecuaciones de primer grado con una incógnita ; Ecuaciones simultaneas ; Discusiones de ecuaciones y problemas : Binomios de Newton ; División de polinomios ; Ecuaciones simultaneas de segundo grado |
| 506 ## - NOTA DE RESTRICCIONES DE ACCESO [R] | |
| Condiciones de acceso [NR] | Consulta en sala |
| 650 #7 - ASIENTO SECUNDARIO DE MATERIA - TERMINO TEMATICO [R] | |
| 9 (RLIN) | 64330 |
| Término temático o nombre geográfico como elemento de entrada [NR] | Álgebra |
| Subdivisión general [R] | Enseñanza |
| 650 #7 - ASIENTO SECUNDARIO DE MATERIA - TERMINO TEMATICO [R] | |
| 9 (RLIN) | 36275 |
| Término temático o nombre geográfico como elemento de entrada [NR] | Álgebra |
| Subdivisión general [R] | Estudio y enseñanza |
| 690 ## - ASUNTO AGREGADO LOCAL DE ENTRADA - TÉRMINO TEMÁTICO (OCLC, RLIN) | |
| 9 (RLIN) | 42870 |
| Acceso temático local | Matemáticas |
| 942 ## - ELEMENTOS DE ENTRADA AGREGADOS (KOHA) | |
| Sistema de clasificación | LOCAL |
| Tipo de ítem principal el descrito en 300a | Libro |
| Edición | 1 |
| Clasificación | E38N029 |
| Suprimido | Perdido | Sistema de clasificación | Dañado | No prestable | Tipo de ítem específico | Ubicación habitual | Ubicación actual | Localización | Fecha de creación | Forma de adquisición | Costo | Total préstamos | Signatura topográfica | Código de barras | Última vez visto | Ejemplar | Price effective from | Tipo de ítem |
|---|---|---|---|---|---|---|---|---|---|---|---|---|---|---|---|---|---|---|
| LOCAL | Libro archivo | Archivo Histórico | Archivo Histórico | Archivo histórico | 04/02/2016 | Donación | 0.00 | E38N029 | L005333 | 04/02/2016 | Ej.1 | 04/02/2016 | Libro |